| 000 | 00786nam a22002417a 4500 | ||
|---|---|---|---|
| 003 | UA-OsUOA | ||
| 001 | 22965 | ||
| 007 | ta | ||
| 008 | 20031230b un ||||| |||| 00| 0 ukr d | ||
| 090 |
_a2(038) _bП51 |
||
| 942 | _cBK | ||
| 040 |
_aUA-OsUOA _brus _cUA-OsUOA _dUA-OsUOA |
||
| 245 |
_aПолный церковно-славянский словарь _b(С внесением в него важнейших древне-русских слов и выражений) _cСост. Г.Дьяченко |
||
| 300 | _a1120 с. | ||
| 955 | _a0 | ||
| 041 | _arus | ||
| 080 | _a2(038) | ||
| 020 | _a5-87301-068-4 | ||
| 260 |
_aМосква _bИздательский отдел Московского патриархата _c1993 |
||
| 044 | _aRU | ||
| 650 | 7 | _2UDC | |
| 999 |
_c309198 _d309198 |
||